Statistics for Pirates of the Caribbean: The Curse of the Black Pearl Characters Quiz

Click here to take the quiz!

General Stats

  • This quiz has been taken 48 times
  • The average score is 9 of 19

Answer Stats

Actor/ActressDescriptionCharacter% Correct
Johnny DeppThe rightful captain of the Black Pearl, he fell victim of mutiny from his crew under the direction of his first-mate Hector BarbossaCaptain Jack Sparrow
100%
Kiera KnightleyGovernor Swann's daughter and Will's love interest, who is taken by the pirate crew of the Black PearlElizabeth Swan
98%
Orlando BloomA blacksmith who teams up with Sparrow in his search for the Black Pearl, in order to rescue the pirate-abducted Elizabeth SwannWill Turner
96%
Geoffrey RushThe captain of the Black Pearl, since taken over from SparrowCaptain Hector Barbossa
96%
Kevin McNallyJack Sparrow's friend and first mateJoshamee Gibbs
76%
Lee ArenbergA pirate aboard the Black Pearl who, with Ragetti, serves as comic relief for most of the filmPintel
69%
Mackenzie CrookA pirate aboard the Black Pearl, Pintel's buddy, with a wooden eye that never seems to stay in placeRagetti
64%
Jonathan PryceThe royal governor of Port Royal and the father of Elizabeth SwannGovernor Weatherby Swann
53%
David BailieA sailor who had his tongue cut out, is now mute and has a macaw to talk for himCotton
40%
Martin KlebbaA dwarf pirate who also lived in Tortuga until hired by Jack and Will to rescue ElizabethMarty
40%
Treva EtienneOne of Barbossa's pirate crewKoehler
33%
Zoe SaldanaA female pirate who signs up to join Will Turner and Mr. Gibbs for a chance to confront Jack Sparrow for stealing her ship years beforeAnamaria
31%
Angus BarnettA dutiful but daft Royal MarineMullroy
24%
Isaac C. Singleton Jr.The bo'sun of the Black Pearl, and under Barbossa's commandBo'sun
20%
Giles NewA dutiful but daft Royal MarineMurtogg
20%
Jack DavenportA commanding Royal Navy officer at Port Royal, and Elizabeth's fiancéeCommodore James Norrington
16%
Damian O'HareThe second-in-command to Commodore NorringtonLieutenant Gilette
16%
Greg EllisA lieutenant who admires Sparrow, to the ire of NorringtonLieutenant Theodore Groves
16%
Michael Berry Jr.An Irish sailor who is often paired with KoehlerTwigg
13%

Score Distribution

Percentile by Number Answered

Percent of People with Each Score

Your Score History

You have not taken this quiz